| Tag |
First Indicator |
Second Indicator |
Subfields |
| LEADER |
00000cam a22000001 4500 |
| 001 |
in00000021302 |
| 005 |
20151007062251.0 |
| 008 |
730802s1956 nyu 00001 eng |
| 010 |
|
|
|a 56005219
|
| 035 |
|
|
|a (OCoLC)00179701
|
| 035 |
|
|
|9 AAD4395AM
|
| 040 |
|
|
|a DLC
|c DLC
|d TXA
|d UtOrBLW
|
| 049 |
|
|
|a TXAS [sea]
|
| 050 |
|
0 |
|a PZ3.B77155
|b Do
|
| 090 |
|
|
|a PS3503.R56175
|b D66 1956
|
| 092 |
|
|
|a 813
|b B858d
|
| 100 |
1 |
|
|a Brinkley, William,
|d 1917-
|
| 245 |
1 |
0 |
|a Don't go near the water /
|c William Brinkley.
|
| 264 |
|
1 |
|a New York :
|b Random House,
|c [1956]
|
| 264 |
|
4 |
|c ©1956
|
| 300 |
|
|
|a 373 pages ;
|c 21 cm.
|
| 336 |
|
|
|a text
|b txt
|2 rdacontent
|
| 337 |
|
|
|a unmediated
|b n
|2 rdamedia
|
| 338 |
|
|
|a volume
|b nc
|2 rdacarrier
|
| 536 |
|
|
|a This book is given through the estate of M.D. "Bert" Wheeler, College Station, TX, 1999.
|
| 999 |
|
|
|a MARS
|
| 999 |
f |
f |
|s a6b9da3a-cdf7-30a3-907d-05272fe011d2
|i 30bfd86a-5c0a-31c8-a1a8-253a3b7b5194
|t 0
|
| 952 |
f |
f |
|p ric
|a Texas A&M University
|b Rellis Campus
|c Joint Library Facility
|s JLF
|d Remote Storage
|t 0
|e PS3503.R56175 D66 1956
|h Library of Congress classification
|i unmediated -- volume
|m A14826887299
|
| 998 |
f |
f |
|a PS3503.R56175 D66 1956
|t 0
|l Remote Storage
|